000 00676nam a22001817a 4500
999 _c11802
_d11802
008 190107b ||||| |||| 00| 0 eng d
020 _a978-1-7435-2112-0
082 _2©2012
_aDC 613.7
_bL622
100 _aLiebman, Hollis Lance
_933619
245 _aAnatomy of exercise: 50+ :
_bA trainer's guide to staying fit over fifty/
_cHollis Lance Lieberman
300 _a 160 pages : col. ill. ; 29 cm.
_bcolor illustrations ;
_c25 cm.
500 _aIncludes glossary.
650 _aExercise for middle-aged persons.
_933620
650 _aExercise for older people.
_933621
650 _aMiddle-aged persons--Health and hygiene.
_933622
365 _b390.00
_cPhp
942 _2ddc
_cDC